Statistics for Most Famous People 2024 1-10

Click here to take the quiz!

General Stats

  • This quiz has been taken 29 times
  • The average score is 5 of 10

Answer Stats

HintAnswer% Correct
#1Elon Musk
92%
#4Mark Zuckerberg
76%
#8Taylor Swift
76%
#2Cristiano Ronaldo
68%
#3Lionel Messi
68%
#6Bill Gates
52%
#7Jeff Bezos
52%
#9Selena Gomez
16%
#10Beyoncé
12%
#5Dwayne Johnson
4%

Score Distribution

Percentile by Number Answered

Percent of People with Each Score

Your Score History

You have not taken this quiz